书目信息 |
| 题名: |
八十三天皇帝梦
|
|
| 作者: | 吴长冀 编 | |
| 分册: | ||
| 出版信息: | 北京 文史资料出版社 1983.12 |
|
| 页数: | 342页 | |
| 开本: | 19cm | |
| 丛书名: | ||
| 单 册: | ||
| 中图分类: | K258.3 | |
| 科图分类: | ||
| 主题词: | 洪宪帝制 , 反袁斗争 | |
| 电子资源: | ||
| ISBN: | ||
| 000 | 00605nam0 2200229 45 | |
| 001 | 0183012281 | |
| 005 | 20060820165119.03 | |
| 010 | @dCNY1.50 | |
| 091 | @a11224.134 | |
| 100 | @a19950627d1983 em y0chiy0121 ea | |
| 101 | 0 | @achi |
| 102 | @aCN@b110000 | |
| 105 | @aaci z 000yb | |
| 200 | 10 | @a八十三天皇帝梦@Aba shi san tian huang di meng@f吴长冀编@FWu Chang Ji Bian |
| 210 | @a北京@c文史资料出版社@d1983.12 | |
| 215 | @a342页@c照片@d19cm | |
| 606 | 0 | @a洪宪帝制 |
| 606 | 0 | @a反袁斗争 |
| 690 | @aK258.3@v3 | |
| 701 | 0 | @a吴长冀@4编 |
| 801 | @aCN@bTSTC@c20060820 | |
| 905 | @dK258.3@e24@b159709@f1 | |
| 八十三天皇帝梦/吴长冀编.-北京:文史资料出版社,1983.12 |
| 342页:照片;19cm |
| ISBN :CNY1.50 |
| ● |
| 相关链接 |
|
|
|
|
正题名:八十三天皇帝梦
索取号:K258.3/24
 
预约/预借
| 序号 | 登录号 | 条形码 | 馆藏地/架位号 | 状态 | 备注 |
| 1 | 0101334 | 001528172 | 密集书库/ [索取号:K258.3/24] | 在馆 | |
| 2 | 0101335 | 001528216 | 密集书库/ [索取号:K258.3/24] | 在馆 | |
| 3 | 0101336 | 001658922 | 密集书库/ [索取号:K258.3/24] | 在馆 | |
| 4 | 0101337 | 001528252 | 密集书库/ [索取号:K258.3/24] | 在馆 | |
| 5 | 0101338 | 001528298 | 密集书库/ [索取号:K258.3/24] | 在馆 | |
| 6 | 0105275 | 001294227 | 第二借阅区/ [索取号:K258.3/24] | 在馆 | |
| 7 | 0105276 | 001528092 | 密集书库/ [索取号:K258.3/24] | 在馆 | |
| 8 | 0105277 | 001528136 | 密集书库/ [索取号:K258.3/24] | 在馆 | |
| 9 | 0159705 | 001294236 | 第二借阅区/ [索取号:K258.3/24] | 在馆 | |
| 10 | 0159706 | 001294174 | 第二借阅区/ [索取号:K258.3/24] | 在馆 | |
| 11 | 0159707 | 001294218 | 第二借阅区/ [索取号:K258.3/24] | 在馆 | |
| 12 | 0159708 | 001294245 | 第二借阅区/ [索取号:K258.3/24] | 在馆 | |
| 13 | 0159709 | 002033613 | 第二样本阅览室/ [索取号:K258.3/24] | 在馆 | |
| 14 | 0467253 | 204672531 | 密集书库/ [索取号:K258.3/24] | 在馆 |